000 00628nam a2200205Ia 4500
003 OSt
005 20250409113939.0
008 210210b1963 xxu||||| |||| 00| 0 eng d
040 _cAL
041 _aKannada
082 _a856/22
100 _aputtappa
_9138949
_bಪುಟ್ಟಪ್ಪ
245 _aRajatatva
_bರಾಜತತ್ವ
260 _aMaisuru
_bMaisuru Vishvavidyalaya
_c1963
650 _aKuvempu
_9138950
690 _aKannada Miscellaneous
_9138951
700 _aKRISHNARAV ಕೃಷ್ಣರಾವ್
_9138952
_bSHANKARALINGAYYA ಶಂಕರಲಿಂಗಯ್ಯ
906 _a020272
942 _2ddc
_cBK
999 _c144424
_d144424